FA Cup Final Winners’ XIs (2000s) - Statistics

General Stats
  • This quiz has been taken 264 times
  • The average score is 51 of 86
Answer Stats
Player % Correct
Thierry Henry
97%
Petr Čech
96%
Steven Gerrard
96%
Didier Drogba
94%
Ashley Cole
93%
Frank Lampard
93%
Joe Cole
93%
John Terry
93%
Patrick Vieira
91%
Dennis Bergkamp
89%
Robert Pirès
89%
Sol Campbell
89%
Gary Neville
88%
David Seaman
87%
Jens Lehmann
87%
Jamie Carragher
86%
Paul Scholes
85%
Ruud van Nistelrooy
85%
José Reina
83%
Michael Owen
82%
Ryan Giggs
82%
Roy Keane
78%
Florent Malouda
77%
Fredrik Ljungberg
74%
Michael Essien
74%
Sami Hyypiä
74%
Claude Makélélé
73%
Cristiano Ronaldo
73%
Xabi Alonso
73%
Gilberto Silva
72%
Kolo Touré
72%
Lauren
72%
Tony Adams
72%
Gianfranco Zola
71%
John Obi Mikel
71%
John Arne Riise
69%
Nicolas Anelka
69%
Tim Howard
69%
David James
68%
John O'Shea
67%
Paulo Ferreira
65%
Francesc Fàbregas
64%
Martin Keown
64%
Peter Crouch
63%
Marcel Desailly
62%
Wes Brown
62%
José Bosingwa
61%
Steve Finnan
61%
Emile Heskey
59%
Mikaël Silvestre
57%
Ray Parlour
55%
Alex
52%
Dennis Wise
50%
Vladimír Šmicer
49%
Darren Fletcher
47%
Djibril Cissé
47%
Glen Johnson
46%
Nwankwo Kanu
46%
Sylvain Wiltord
46%
José Antonio Reyes
45%
Dietmar Hamann
44%
Harry Kewell
42%
Roberto Di Matteo
42%
Wayne Bridge
42%
Ed de Goey
40%
Gus Poyet
38%
Danny Murphy
37%
Sander Westerveld
37%
Stéphane Henchoz
37%
Markus Babbel
36%
Frank Lebœuf
35%
Didier Deschamps
33%
Philippe Senderos
32%
Shaun Wright-Phillips
30%
Mario Melchiot
27%
Celestine Babayaro
23%
Lassana Diarra
23%
Mohamed Sissoko
23%
Niko Kranjčar
22%
Pedro Mendes
18%
Sulley Muntari
17%
Sylvain Distin
17%
George Weah
16%
Hermann Hreiðarsson
12%
John Utaka
11%
Oleg Luzhny
11%
No matching quizzes found
Score Distribution
Percent of People with Each Score
Percentile by Number Answered
Your Score History
You have not taken this quiz